[Event "Voronezh op-B 23rd"]
[Site "Voronezh"]
[Date "2019.06.18"]
[Round "7"]
[White "Sepiashvili, Ivan"]
[Black "Ivanov, Kirill3333"]
[Result "1/2-1/2"]
[WhiteElo "1691"]
[BlackElo "1516"]
[PlyCount "102"]
[EventDate "2019.06.12"]
[EventType "swiss"]
[EventRounds "9"]
[EventCountry "RUS"]
[SourceTitle "EXT 2020"]
[Source "ChessBase"]
[SourceDate "2019.10.17"]
[SourceVersion "1"]
[SourceVersionDate "2019.10.17"]
[SourceQuality "1"]

1. d4 Nf6 2. Nf3 e6 3. g3 b6 4. Bg2 Bb7 5. 0-0 c5 6. e3 Be7 7. Nbd2 0-0 8. b3 cxd4 9. exd4 d6 10. Bb2 Nbd7 11. Ne1 Bxg2 12. Nxg2 Qc7 13. Ne3 Rac8 14. Qe2 Qb7 15. Rfe1 b5 16. c3 Rfe8 17. f3 a6 18. a4 b4 19. c4 Bf8 20. Qd3 g6 21. Rac1 e5 22. d5 Nc5 23. Qc2 Bg7 24. Ne4 Nfxe4 25. fxe4 Rf8 26. Rcd1 Qa7 27. Kg2 a5 28. Bc1 Rc7 29. Rf1 f6 30. Ng4 h5 31. Nf2 f5 32. Be3 f4 33. Bxc5 f3+ 34. Kh1 Qxc5 35. Nd3 Qe3 36. Rfe1 Qa7 37. Qf2 Qxf2 38. Nxf2 Bh6 39. Kg1 g5 40. Kf1 g4 41. Rd3 Rfc8 42. Rb1 Rg7 43. Rb2 Kf7 44. Rc2 Kf6 45. h3 Kg5 46. h4+ Kf6 47. Nd1 Rgc7 48. Kf2 Rc5 49. Nb2 Bg7 50. Rd1 Bf8 51. Nd3 R5c7 1/2-1/2

[Event "RUS-chT U14 final"]
[Site "Sochi"]
[Date "2019.05.05"]
[Round "5.1"]
[White "Khripachenko, Alexander"]
[Black "Sepiashvili, Ivan"]
[Result "1-0"]
[WhiteElo "1872"]
[BlackElo "1713"]
[PlyCount "55"]
[EventDate "2019.05.01"]
[EventType "team-tourn"]
[EventRounds "9"]
[EventCountry "RUS"]
[SourceTitle "CBM 190 Extra"]
[Source "ChessBase"]
[SourceDate "2019.07.15"]
[SourceVersion "1"]
[SourceVersionDate "2019.07.15"]
[SourceQuality "1"]

1. e4 e5 2. Nf3 Nc6 3. Nc3 Nf6 4. Bb5 Bb4 5. 0-0 0-0 6. d3 d6 7. h3 Bxc3 8. bxc3 Ne7 9. Re1 c6 10. Bc4 Ng6 11. Bb3 h6 12. d4 Qc7 13. a4 Re8 14. Ba3 c5 15. dxc5 dxc5 16. Bd5 Be6 17. c4 Rad8 18. Qc1 b6 19. Qe3 Nh7 20. Reb1 f6 21. a5 Nf4 22. Rb3 Ng5 23. Nxg5 hxg5 24. Rab1 Rd6 25. Kh2 Kf7 26. g3 Ng6 27. Rb5 Kg8 28. a6 1-0

[Event "RUS-chT U14 final"]
[Site "Sochi"]
[Date "2019.05.01"]
[Round "1.1"]
[White "Girshgorn, Leonid"]
[Black "Sepiashvili, Ivan"]
[Result "1-0"]
[WhiteElo "2040"]
[BlackElo "1713"]
[PlyCount "45"]
[EventDate "2019.05.01"]
[EventType "team-tourn"]
[EventRounds "9"]
[EventCountry "RUS"]
[SourceTitle "CBM 190 Extra"]
[Source "ChessBase"]
[SourceDate "2019.07.15"]
[SourceVersion "1"]
[SourceVersionDate "2019.07.15"]
[SourceQuality "1"]

1. d4 d5 2. c4 e6 3. Nc3 Nf6 4. Bg5 Be7 5. cxd5 exd5 6. Qc2 c6 7. e3 Nbd7 8. Bd3 0-0 9. Nf3 Re8 10. 0-0-0 Nf8 11. Ne5 a5 12. Kb1 Bd7 13. h4 b5 14. Rdg1 a4 15. g4 a3 16. Bh6 b4 17. g5 Ng4 18. Nxg4 Bxg4 19. Rxg4 bxc3 20. b3 gxh6 21. gxh6+ Kh8 22. Rhg1 Ne6 23. Rg7 1-0

[Event "EU School-ch U09"]
[Site "Budva"]
[Date "2017.06.14"]
[Round "5"]
[White "Neeman, Gal"]
[Black "Sepiashvili, Ivan"]
[Result "1-0"]
[WhiteElo "1494"]
[BlackElo "1393"]
[PlyCount "43"]
[EventDate "2017.06.11"]
[EventType "swiss"]
[EventRounds "9"]
[EventCountry "MNE"]
[SourceTitle "EXT 2024"]
[Source "ChessBase"]
[SourceDate "2023.10.10"]
[SourceVersion "1"]
[SourceVersionDate "2023.10.10"]
[SourceQuality "1"]

1. e4 e5 2. Nf3 Nc6 3. Bc4 Bc5 4. c3 Nf6 5. d3 d6 6. 0-0 Be6 7. Nbd2 Qd7 8. Qc2 0-0-0 9. b4 Bb6 10. a4 a5 11. Bb5 Qe7 12. Ba3 Bg4 13. Qb3 Rdg8 14. Rab1 Kd8 15. Bxc6 bxc6 16. bxa5 Bxa5 17. Nc4 Bb6 18. Nfxe5 Bd7 19. Nxd7 Kxd7 20. Nxb6+ cxb6 21. Qxb6 Rb8 22. Qa7+ 1-0

[Event "EU-ch U08 26th"]
[Site "Prague"]
[Date "2016.08.27"]
[Round "9"]
[White "Dovbnia, Nikita"]
[Black "Sepiashvili, Ivan"]
[Result "1/2-1/2"]
[WhiteElo "1356"]
[BlackElo "1401"]
[PlyCount "85"]
[EventDate "2016.08.18"]
[EventType "swiss"]
[EventRounds "9"]
[EventCountry "CZE"]
[SourceTitle "CBM 174 Extra"]
[Source "ChessBase"]
[SourceDate "2016.10.10"]
[SourceVersion "1"]
[SourceVersionDate "2016.10.10"]
[SourceQuality "1"]

1. c4 e6 2. e4 d5 3. exd5 exd5 4. cxd5 Nf6 5. Bb5+ Bd7 6. Be2 Nxd5 7. Nc3 Nf6 8. Nf3 Be7 9. 0-0 0-0 10. d3 c6 11. Qc2 h6 12. h3 Be6 13. Bf4 Nd5 14. Nxd5 Bxd5 15. Nd2 Bg5 16. Bxg5 Qxg5 17. Bf3 Rd8 18. Rfd1 Na6 19. a3 Nc7 20. Qc5 Ne6 21. Qe3 Nf4 22. h4 Nh3+ 23. Kf1 Bxf3 24. Nxf3 Qf5 25. Qe4 Qxe4 26. dxe4 Nf4 27. g3 Nd3 28. Rab1 Nc5 29. e5 Nb3 30. Ke2 c5 31. Ke3 Kf8 32. Nd2 Nxd2 33. Rxd2 Rxd2 34. Kxd2 Rd8+ 35. Kc3 b5 36. b3 Rd5 37. f4 Rd4 38. b4 a6 39. bxc5 Rc4+ 40. Kb3 Rxc5 41. Kb4 Rd5 42. Rb3 Rd4+ 43. Ka5 1/2-1/2

[Event "EU-ch U08 26th"]
[Site "Prague"]
[Date "2016.08.21"]
[Round "4"]
[White "Pingin, Artem"]
[Black "Sepiashvili, Ivan"]
[Result "1-0"]
[WhiteElo "1560"]
[BlackElo "1401"]
[PlyCount "123"]
[EventDate "2016.08.18"]
[EventType "swiss"]
[EventRounds "9"]
[EventCountry "CZE"]
[SourceTitle "CBM 174 Extra"]
[Source "ChessBase"]
[SourceDate "2016.10.10"]
[SourceVersion "1"]
[SourceVersionDate "2016.10.10"]
[SourceQuality "1"]

1. c4 e6 2. b3 d5 3. e3 Nf6 4. Bb2 Be7 5. Nf3 Nbd7 6. Be2 b6 7. cxd5 exd5 8. Nd4 Nb8 9. Nc3 c5 10. Bb5+ Bd7 11. Nf5 0-0 12. Nxe7+ Qxe7 13. Be2 Re8 14. 0-0 Nc6 15. Bf3 Be6 16. d4 Rad8 17. Re1 Qc7 18. Rc1 cxd4 19. Nb5 Qb7 20. Nxd4 Ne5 21. Be2 Ng6 22. Nb5 Re7 23. Qd4 a6 24. Nc3 b5 25. b4 Rc7 26. a4 bxa4 27. Nxa4 Rxc1 28. Rxc1 Rb8 29. Bc3 Ne7 30. Nc5 Nc6 31. Qxf6 gxf6 32. Nxb7 Rxb7 33. Bxa6 Rb6 34. b5 Nb8 35. Ba5 Rd6 36. Bc7 Rxa6 37. bxa6 Nxa6 38. Bd6 Nb8 39. Bxb8 Kg7 40. h3 h5 41. f4 Kg6 42. Kf2 Kf5 43. Kf3 Kg6 44. g4 hxg4+ 45. hxg4 f5 46. g5 f6 47. gxf6 Kxf6 48. Be5+ Kf7 49. Rc6 Ke7 50. Ke2 Bd7 51. Rc7 Ke8 52. Kd3 Bb5+ 53. Kd4 Bc4 54. Kc5 Bb3 55. Kd6 Kf8 56. Bd4 Bd1 57. Ke6 Kg8 58. Kf6 Bh5 59. Rg7+ Kh8 60. Kg5 Bg4 61. Kh6 Bf3 62. Rg4# 1-0